Devinez la Capitale Mystère #34 - Statistiques

Statistiques générales
  • Ce quiz a été pris 180 fois
  • Le résultat moyen est 26 sur 36
Statistiques - réponses
Type de Réponse Réponse % Correct
Lettre Trouvée A
100%
Lettre de l'Alphabet I
100%
Lettre de l'Alphabet E
98%
Lettre Trouvée N
98%
Lettre Trouvée O
98%
Lettre de l'Alphabet R
98%
Lettre de l'Alphabet S
98%
Lettre Trouvée L
97%
Lettre de l'Alphabet D
95%
Lettre de l'Alphabet P
94%
Lettre de l'Alphabet B
93%
Lettre de l'Alphabet M
92%
Lettre de l'Alphabet T
92%
Lettre Trouvée U
91%
Lettre de l'Alphabet G
88%
Lettre de l'Alphabet H
86%
Lettre de l'Alphabet C
83%
Lettre Trouvée K
83%
Lettre de l'Alphabet W
80%
Lettre Bien Placée U
71%
Lettre de l'Alphabet V
67%
Lettre Bien Placée L
65%
Lettre Bien Placée A
59%
Lettre Bien Placée K
59%
Lettre de l'Alphabet Y
59%
Lettre de l'Alphabet J
53%
Lettre de l'Alphabet X
51%
Lettre de l'Alphabet Z
48%
Lettre Bien Placée O
45%
Lettre Bien Placée N
44%
Lettre Bien Placée U
42%
Lettre Bien Placée A
41%
Lettre Trouvée F
40%
Lettre de l'Alphabet Q
38%
Lettre Bien Placée F
28%
Capitale Mystère Nukuʻalofa
28%
Aucun quiz correspondant
Distribution des résultats
% des personnes avec chaque résultat
Percentile par nombre de réponses
Votre historique - résultats
Vous n’avez pas pris ce quiz